Comuni della Provincia di Imperia - Statistics

Statistiche generali
  • Questo quiz è stato fatto 42 volte
  • Il punteggio medio è 31 su 66
Statistiche sulle risposte
Risposta % Corretto
Sanremo
92%
Ventimiglia
92%
Imperia
89%
Bordighera
83%
Taggia
81%
Cervo
75%
San Bartolomeo al Mare
75%
San Lorenzo al Mare
75%
Diano Marina
72%
Triora
72%
Ospedaletti
69%
Dolceacqua
67%
Santo Stefano al Mare
64%
Badalucco
61%
Diano Castello
61%
Pieve di Teco
58%
Apricale
56%
Perinaldo
56%
Vallecrosia
56%
Camporosso
53%
Ceriana
53%
Molini di Triora
53%
Pontedassio
53%
Pigna
50%
Seborga
50%
Bajardo
47%
Cipressa
47%
Diano San Pietro
44%
Rezzo
44%
Aquila d'Arroscia
42%
Dolcedo
42%
Mendatica
42%
Riva Ligure
42%
San Biagio della Cima
42%
Soldano
42%
Cesio
39%
Civezza
39%
Cosio d'Arroscia
39%
Diano Arentino
39%
Pornassio
39%
Rocchetta Nervina
39%
Airole
36%
Chiusanico
36%
Castel Vittorio
33%
Chiusavecchia
33%
Isolabona
33%
Montalto Carpasio
33%
Montegrosso Pian Latte
33%
Pompeiana
33%
Vallebona
33%
Vasia
33%
Vessalico
33%
Aurigo
31%
Borghetto d'Arroscia
31%
Borgomaro
31%
Castellaro
31%
Armo
28%
Caravonica
28%
Olivetta San Michele
28%
Pietrabruna
28%
Villa Faraldi
28%
Costarainera
25%
Terzorio
25%
Lucinasco
22%
Ranzo
22%
Prelà
17%
Nessun quiz corrispondente trovato
Distribuzione punteggi
Percentuale di utenti per punteggio
Percentile per numero di risposta
I tuoi punteggi nel tempo
Non hai fatto questo quiz